000 00614cam a2200229 4500
001 J422
008 090401t1966 xxu||||| |||| 00| 0 eng d
035 _a(Sirsi) u74871
041 _aeng
050 _a336.2424
100 _aTaylor, V. W.
245 _aTables for assessing capital gains or losses on leasehold interests in land: Finance Act 1965 Schedule 8.
260 _aLondon
_bEstates Gazette
_c1966
300 _aca.550p. ; 22cm.
350 _a0
650 _aCAPITAL GAINS TAX
650 _aFINANCE ACT 1965
650 _aTAX TABLES
690 _aTAXATION
942 _n0
948 _c04/03/1997
999 _c95935
_d95935